| 000 | 00701nam a2200217 4500 | ||
|---|---|---|---|
| 001 | 109397 | ||
| 003 | ES-MaACL | ||
| 005 | 20230906184832.0 | ||
| 007 | t| | ||
| 008 | 061121s1957 sp r ||||1| spa d | ||
| 100 | 1 |
_aOlmedo Delgado, Antonio. _986961 |
|
| 245 | 1 | 0 |
_aGeneral Queipo de Llano _b: (aventura y audacia) / _cAntonio Olmedo Delgado y Teniente General José Cuesta Monereo. |
| 250 | _a[1ª ed.]. | ||
| 260 |
_aBarcelona : _bAHR, _c1957. |
||
| 300 |
_a358 p. 7 lám. 3 gráf. ; _c19 cm. |
||
| 490 | 1 | _aepopeya y sus héroes | |
| 700 | 1 |
_aCuesta Monereo, José. _942064 |
|
| 830 | 0 |
_aepopeya y sus héroes _9232980 |
|
| 852 |
_aES-MaACL _jC-12914 _bR.40788 |
||
| 999 |
_c109397 _d109397 |
||